000 00325nam a22001457a 4500
008 230124b ||||| |||| 00| 0 eng d
020 _a9780321841803
041 _aeng
080 _2FIFTH EDITION
_a573
082 _a573FRE
100 _a16
101 _aBIOLO
245 _aBIOLOGICAL SCIENCE
_cFREEMAN
942 _2udc
_cBK
999 _c59269
_d59269